| 000 | 00493nam a22001817a 4500 | ||
|---|---|---|---|
| 005 | 20251108172156.0 | ||
| 008 | 250721s9999 xx 000 0 ara d | ||
| 082 | 1 | 4 | _aط/ق/طلا |
| 100 | 1 | _aحسن، طلال | |
| 245 | 1 | 0 | _aالعش قصص أخرى / |
| 264 | 1 |
_aبغداد : _bدار الحرية للنشر، _c[19-]. |
|
| 300 | _a119ص | ||
| 650 | 1 | 7 | _aأدب الأطفال |
| 650 | 1 | 7 | _aالقصص |
| 700 | 1 |
_aحميد، ختام _eرسم |
|
| 942 |
_2ddc _cBK |
||
| 999 |
_c72340 _d72340 |
||